The shepherd as theologian / (Record no. 8315)

MARC details
000 -LEADER
fixed length control field 01240cam a2200337 i 4500
001 - CONTROL NUMBER
control field 19331587
003 - CONTROL NUMBER IDENTIFIER
control field GBCCL
005 - DATE AND TIME OF LATEST TRANSACTION
control field 20241126110648.0
008 - FIXED-LENGTH DATA ELEMENTS--GENERAL INFORMATION
fixed length control field 161010s2017 oru b 000 0 eng
010 ## -
-- 2016046227
020 ## - INTERNATIONAL STANDARD BOOK NUMBER
International Standard Book Number 9780736962117 (hardcover)
040 ## - CATALOGING SOURCE
Original cataloging agency DLC
Language of cataloging eng
Transcribing agency DLC
Description conventions rda
Modifying agency DLC
042 ## -
-- pcc
050 00 -
-- BT80
-- .S47 2017
082 00 - DEWEY DECIMAL CLASSIFICATION NUMBER
Classification number 230.42
Edition information 23
Item number SHE
245 04 - TITLE STATEMENT
Title The shepherd as theologian /
Statement of responsibility, etc. John MacArthur, general editor.
264 #1 - PRODUCTION, PUBLICATION, DISTRIBUTION, MANUFACTURE, AND COPYRIGHT NOTICE
Place of production, publication, distribution, manufacture Eugene, Oregon :
Name of producer, publisher, distributor, manufacturer Harvest House Publishers,
Date of production, publication, distribution, manufacture, or copyright notice [2017]
300 ## - PHYSICAL DESCRIPTION
Extent 221 pages ;
Dimensions 24 cm
336 ## - CONTENT TYPE
Content type term text
Content type code txt
Source rdacontent
337 ## - MEDIA TYPE
Media type term unmediated
Media type code n
Source rdamedia
338 ## - CARRIER TYPE
Carrier type term volume
Carrier type code nc
Source rdacarrier
504 ## - BIBLIOGRAPHY, ETC. NOTE
Bibliography, etc. note Includes bibliographical references (pages 217-221).
650 #0 - SUBJECT ADDED ENTRY--TOPICAL TERM
Topical term or geographic name entry element Theology, Doctrinal.
9 (RLIN) 14
650 #0 - SUBJECT ADDED ENTRY--TOPICAL TERM
Topical term or geographic name entry element Calvinism.
9 (RLIN) 3170
650 #0 - SUBJECT ADDED ENTRY--TOPICAL TERM
Topical term or geographic name entry element Reformed Church
General subdivision Doctrines.
9 (RLIN) 618
700 1# - ADDED ENTRY--PERSONAL NAME
Personal name MacArthur, John,
Dates associated with a name 1939-
Relator term editor.
9 (RLIN) 1165
776 08 - ADDITIONAL PHYSICAL FORM ENTRY
Relationship information Online version:
Title Shepherd as theologian
Place, publisher, and date of publication Eugene, Oregon : Harvest House Publishers, 2017
International Standard Book Number 9780736962124
Record control number (DLC) 2016047434
906 ## - LOCAL DATA ELEMENT F, LDF (RLIN)
a 7
b cbc
c orignew
d 1
e ecip
f 20
g y-gencatlg
942 ## - ADDED ENTRY ELEMENTS (KOHA)
Source of classification or shelving scheme Dewey Decimal Classification
Koha item type Books
Koha issues (borrowed), all copies 1
Holdings
Withdrawn status Lost status Source of classification or shelving scheme Damaged status Not for loan Home library Current Library Shelving location Date acquired Total checkouts Full call number Barcode Date last seen Date last checked out Copy number Price effective from Koha item type
    Dewey Decimal Classification     GRACE BIBLE COLLEGE GRACE BIBLE COLLEGE Theology 2019-11-20 1 230.42 SHE 013742 2025-05-01 2020-11-12 c.1 2019-11-20 Books
© Grace Bible College Library 2025